| 000 | 00709aam a2200277 4500 | ||
|---|---|---|---|
| 005 | 20240628162125.0 | ||
| 008 | 150727b1991 cr ||||| |||| 00| 0 spa d | ||
| 020 | _a9977671516 | ||
| 041 | _aESP | ||
| 082 | _a581.972.86 M792i | ||
| 100 |
_aMontiel Longhi, Mayra Brigida _917323 |
||
| 245 | _aIntroducción a la flora de Costa Rica | ||
| 250 | _a2 edición | ||
| 260 | _aCosta Rica | ||
| 260 | _bUniversidad de Costa Rica | ||
| 260 | _c1991 | ||
| 300 | _a345 páginas | ||
| 505 | _aContiene ilustraciones | ||
| 650 | _aBOTÁNICA | ||
| 650 | _aFLORA | ||
| 650 | _aFLORA COSTARRICENSE | ||
| 650 | _aTAXONOMÍA DE LAS PLANTAS | ||
| 650 | _aQUIMIOTAXONOMÍA | ||
| 942 |
_cBK _2ddc |
||
| 999 |
_c374 _d374 |
||